Statistiques concernant Groupes UEFA Euro 2008

Cliquez ici pour prendre le quiz!

Statistiques générales

  • Ce quiz a été pris 208 fois
  • Le résultat moyen est 15 sur 16

Statistiques - réponses

Groupe A% Correct
France
100%
Espagne
98%
Pays-Bas
97%
Portugal
97%
Allemagne
96%
Italie
95%
Russie
95%
Suisse
93%
Suède
91%
Croatie
90%
Autriche
88%
Grèce
88%
Pologne
88%
République Tchèque
86%
Turquie
86%
Roumanie
81%

Distribution des résultats

Percentile par nombre de réponses

% des personnes avec chaque résultat

Votre développement - résultats

Vous n’avez pas pris ce quiz